Gestin̤ y control de la incapacidad temporal en los primeros trescientos sesenta y cinco da̕s

Detalles Bibliográficos
Autor principal: Lp̤ez-Tamš Iglesias, Rubň
Formato: eBook
Lenguaje:español
Publicado: Albacete: Editorial Bomarzo, 2016
Materias:
Acceso en línea:Acceso restringido

MARC

LEADER 00000nam a22000007a 4500
005 20170910224138.0
007 cr|||| ||||
008 170910s2016 es |||||s|||| 00||0 spa d
020 |a 978-84-16608-11-9 
035 |a 20579 
040 |a vLex 
090 |c 6952  |d 6952 
100 1 |a Lp̤ez-Tamš Iglesias, Rubň 
245 1 0 |a Gestin̤ y control de la incapacidad temporal en los primeros trescientos sesenta y cinco da̕s  |h [Recurso electrn̤ico] /  |c Rubň Lp̤ez-Tamš Iglesias 
256 |a Servicio en ln̕ea 
260 |a Albacete:  |b Editorial Bomarzo,  |c 2016 
300 |a 1 recurso electrn̤ico 
500 |a Real Decreto 625/2014, de 18 de julio y orden 1187/2015, de 15 de junio. 
506 1 |a Disponible solo en los productos indicados  |d vLex Global  |d vLex Global (Academic Edition, excluding Law Schools)  |d vLex Global (U.S. Academic Edition, Law Schools)  |d vLex Global (U.S. Academic Edition, excluding Law Schools)  |d vLex Global (Academic Edition, Law Schools) 
650 0 4 |a Derecho Laboral y Seguridad Social  |z Espaą 
740 0 |a vLex Libros (Servicio en ln̕ea) 
856 4 0 |u http://vlex.com/source/gestion-control-incapacidad-temporal-20579  |z Acceso restringido 
942 |c BOOK 
999 0 |a Labor law and social security